Proceedings. Engineering sciences /

Bibliographic Details
New Title:Sadhana. Academy proceedings in engineering sciences
Previous Title:Proceedings of the Indian Academy of Sciences. Section C, Engineering sciences (DLC) 81646180
Corporate Author: Indian Academy of Sciences
Format: Journal
Language:English
Published: Bangalore : The Academy, [1980-1983]
Subjects:
Online Availability: Check for online availability

MARC

Tag First Indicator Second Indicator Subfields
LEADER 00000cas a2200000 a 4500
001 in00000070820
005 20151008061924.0
008 810717d19801983ii qx0p 0uuua0eng d
010 |a  85644807   |z sn 82007701  
012 |a 2  |b 3 
022 0 |a 0253-4096 
030 |a PRISD9 
035 |a (OCoLC)07591736 
035 |9 AAJ9136AM 
040 |a GAT  |c GAT  |d OCL  |d NSD  |d OCL  |d SER  |d NST  |d AIP  |d OCL  |d DLC  |d NST  |d DLC  |d TXA  |d UtOrBLW 
042 |a lc  |a nsdp 
049 |a TXAE 
050 0 0 |a Q73  |b .I62a 
082 0 |a 620/.005  |2 19 
090 |a TA5  |b .P7 
210 0 |a Proc. Indian Acad. Sci., Eng. sci. 
222 0 |a Proceedings of the Indian Academy of Sciences. Engineering sciences 
245 0 0 |a Proceedings.  |p Engineering sciences /  |c Indian Academy of Sciences. 
264 1 |a Bangalore :  |b The Academy,  |c [1980-1983] 
264 4 |c ©1980-1983 
300 |a 16 volumes :  |b illustrations ;  |c 26 cm. 
310 |a Four issues yearly 
336 |a text  |b txt  |2 rdacontent 
337 |a unmediated  |b n  |2 rdamedia 
338 |a volume  |b nc  |2 rdacarrier 
362 0 |a Vol. 3, pt. 1 (Mar. 1980)-v. 6, pt. 4 (Dec. 1983). 
650 0 |a Engineering  |v Periodicals. 
710 2 |a Indian Academy of Sciences. 
780 0 0 |t Proceedings of the Indian Academy of Sciences. Section C, Engineering sciences  |x 0250-5444  |t (DLC) 81646180  |w (OCoLC)6022886 
785 0 0 |t Sadhana. Academy proceedings in engineering sciences  |w (OCoLC)11386328 
890 |a Proceedings. Engineering sciences. 
999 |a MARS 
999 f f |s fb4db1bf-ba73-3fc7-bdf2-2aebd6e2c770  |i c00f946e-6e60-383a-be24-796d4be28a59  |t 0 
952 f f |p ric  |a Texas A&M University  |b Rellis Campus  |c Joint Library Facility  |d Remote Storage  |t 0  |e TA5 .P7  |h Library of Congress classification  |i unmediated -- volume  |k v.6  |l 1983  |m A14842251788 
952 f f |p ric  |a Texas A&M University  |b Rellis Campus  |c Joint Library Facility  |d Remote Storage  |t 0  |e TA5 .P7  |h Library of Congress classification  |i unmediated -- volume  |k v.3:pt.2  |l 1980:June-July  |m A14842251812 
952 f f |p ric  |a Texas A&M University  |b Rellis Campus  |c Joint Library Facility  |d Remote Storage  |t 0  |e TA5 .P7  |h Library of Congress classification  |i unmediated -- volume  |k v.3:pt.3-4  |l 1980:Nov.  |m A14842251820 
952 f f |p ric  |a Texas A&M University  |b Rellis Campus  |c Joint Library Facility  |d Remote Storage  |t 0  |e TA5 .P7  |h Library of Congress classification  |i unmediated -- volume  |k v.5  |l 1982  |m A14842251796 
952 f f |p ric  |a Texas A&M University  |b Rellis Campus  |c Joint Library Facility  |d Remote Storage  |t 0  |e TA5 .P7  |h Library of Congress classification  |i unmediated -- volume  |k v.4  |l 1981  |m A14842251804 
998 f f |a TA5 .P7  |s v.4-6 (1981-1983)  |t 0  |l Remote Storage